000 00261nam a2200097Ia 4500
001 1164589
005 20250827011724.0
008 250824s9999 xx 000 0 und d
245 0 _aSEN YOLA ÇIK YOL SANA GÖRÜNÜR
_cHAKAN MENĞÜÇ
260 _bDESTEK YAYINLARI
999 _c1164589
_d1164589